| 000 | 00506nam a2200169Ia 4500 | ||
|---|---|---|---|
| 999 |
_c193 _d193 |
||
| 003 | OSt | ||
| 005 | 20210827115602.0 | ||
| 008 | 190216s9999||||xx |||||||||||||| ||und|| | ||
| 040 | _coclc | ||
| 082 |
_a297.122594812 _bMAD/T |
||
| 100 |
_aMaduhi, Moulana Ash Haihu Ahmed _98713 |
||
| 245 | 0 |
_aTafsirat Ahmadiyyh / _cMoulana Ash Haihu Ahmed Maduhi |
|
| 260 | _bMoohim Publicaion, | ||
| 300 | _a504p | ||
| 650 | _aArabic | ||
| 942 |
_cBK _2ddc _h297.122594812 _iMAD/T _k297.122594812 _mMAD/T |
||